| 000 | 00598nam a2200205 a 4500 | ||
|---|---|---|---|
| 005 | 20240509064134.0 | ||
| 008 | 991125s1995 ag 000 0 spa u | ||
| 020 | _a9501630757 | ||
| 035 | _aUPN01000010542 | ||
| 049 | _aCG | ||
| 050 | 4 |
_aLB1027 _bT6.38 |
|
| 100 | 1 |
_aTonucci, Francesco, _d1941- _930884 |
|
| 245 | 1 | 0 |
_aCon ojos de maestro / _cFrancesco Tonucci ; tr. Gladys Kochen. |
| 260 |
_aBuenos Aires : _bTroquel, _c1995. |
||
| 300 | _a158 p. | ||
| 440 | 0 | _aFLACSO acción | |
| 650 | 4 |
_aInnovaciones educativas _9386 |
|
| 650 | 4 |
_aMaestros en servicio, Formación de _9390 |
|
| 905 | _aLibro | ||
| 999 |
_c10542 _d10542 |
||